000 00659nam a22001937a 4500
005 20251108173057.0
008 250721s1990 xx 000 0 ara d
082 1 4 _aم/291/أحم
100 1 _aالأحمد، أحمد عيسى
245 1 0 _aداود و سليمان : في العهد القديم و القرآن الكريم دراسة لغوية تاريخية مقارنة /
264 1 _aالكويت :
_bالمؤلف،
_c1990.
300 _a520ص
650 1 7 _aالعهد القديم
650 1 7 _aالديانات المقارنة
650 1 7 _aالقرآن الكريم
650 1 7 _aالأنبياء
942 _2ddc
_cREF
999 _c95535
_d95535